01040nam a22002897a 4500999001700000003000900017005001700026008004100043017001400084020001500098040004300113082002600156100004800182245007600230250003300306264004400339300002900383336002600412337003500438338002900473650005800502651001000560653002100570655002400591942001200615952012300627 c15736d15736EG-ScBUE20210606123729.0110725s1996 ua f 000 e ara d a1996/7400 a9771910191 aEG-ScBUEbaraerdacEG-ScBUEdEG-ScBUE04a892.746bم ا ح222 926429aالماحي، سيد،eمؤلف.10aأطلال الحب ورايات الفجور /cسيد الماحي. aالطبعة الأولى. 1aالقاهرة :bالملكة،c1996. a339 صفحة ؛c22 سم 2rdacontentaنصbtxt 2rdamediaaبدون وسيطbn 2rdacarrieraمجلدbnc 7a‪المقالات العربيةyقرن 20.2BUEsh 2BUEsh bARALITcJune2021 vReading book934232 2ddccBB 00102ddc40708Alef-BaaaMAINbMAINc2NDd2011-07-25ePurchaseo892.746 م ا حp000024456r2025-07-15 00:00:00yBB